00437 2200181 4500001002100000005001500021008004100036020002200077035001900099041000700118082000800125090001400133100001800147245001600165260002900181300002500210650002000235INLIS00000000002601020241224132044241224||||||||| | ||| |||| || |  a978-979-794-586-2 0010-1224026010 aid0 a813 a813 FIE t0 aFiersa Besari00aTapak Jejak aJakartabMediakitac2019 aiv, 312 hlm. ; 19 cm 0aFiksi Indonesia